01097cam a2200337 a 450000100090000000300040000900500170001300800410003001000170007102000150008802000180010303500130012104000180013405000220015208200120017410000210018624500450020726000530025230000330030533600260033833700280036433800270039250000620041950400540048165000170053565000250055265000220057765000220059970000470062185600910066812376254OSt20260316104804.0010411s2001 orua b 000 0 eng  a 2001024682 a0736907823 a9780736907828 a12376254 aDLCcDLCdDLC00aBT1102b.N64 200100a2392211 aNoebel, David A.14aThe battle for truth /cDavid A. Noebel. aEugene, Or. :bHarvest House Publishers,cc2001. axi, 384 p. :bill. ;c21 cm. atextbtxt2rdacontent aunmediatedbn2rdamedia avolumebnc2rdacarrier aRev. ed. of: Understanding the times. Abridged ed. c1995. aIncludes bibliographical references (p. 383-384). 0aApologetics. 0aPhilosophy, Marxist. 0aSecular humanism. 0aNew Age movement.1 aNoebel, David A.tUnderstanding the times.423Publisher descriptionuhttp://www.loc.gov/catdir/enhancements/fy0715/2001024682-d.html